The Singapore surrender

Bibliographic Details
Main Author: Mant, Gilbert
Format: Book
Published: Australia : Kangaroo Press , 1992
Subjects:

MARC

LEADER 00000cam a2200000 7i4500
001 0000004302
002 000004623
005 20000330.0
020 |a 0864174179 
090 0 0 |a 920   |b MAN 
100 1 |a Mant, Gilbert 
245 1 4 |a The Singapore surrender   |c Gilbert Mant 
260 |a Australia :   |b Kangaroo Press ,   |c 1992 
300 |a 729p. ;   |c 21cm. 
650 0 0 |a British mulitary history 
999 |a 037368   |b BUKU   |c PINJAMAN   |e PERPUSTAKAAN KOMUNITI PETALING JAYA